Normal view
MARC view
Entry Personal Name
001 - CONTROL NUMBER
- control field: 34931
003 - CONTROL NUMBER IDENTIFIER
- control field: ARRUPE
005 - DATE AND TIME OF LATEST TRANSACTION
- control field: 20170821102741.0
008 - FIXED-LENGTH DATA ELEMENTS
- fixed length control field: 170821|| aca||aabn | a|a d
040 ## - CATALOGING SOURCE
- Original cataloging agency: ARRUPE
- Transcribing agency: ARRUPE
100 ## - HEADING--PERSONAL NAME
- Personal name: Chitepo, H. W.
- Title of a work: Soko risina muroso.
670 ## - SOURCE DATA FOUND
- Source citation: Work cat.: (ARRUPE)0: Kahari, George P. 522, Herbert W. Chitepo's epic poem--Soko risina musoro (The tale without a head) :, 1988.